Statistiques concernant Les plus grandes villes de la Scandinavie

Cliquez ici pour prendre le quiz!

Statistiques générales

  • Ce quiz a été pris 321 fois
  • Le résultat moyen est 15 sur 30

Statistiques - réponses

PaysVilles% Correct
DanemarkCopenhague
99%
NorvègeOslo
99%
SuèdeStockholm
99%
FinlandeHelsinki
98%
LettonieRiga
97%
LituanieVilnius
95%
EstonieTallinn
93%
SuèdeMalmo
90%
SuèdeGoteborg
85%
NorvègeBergen
74%
LituanieKaunas
54%
DanemarkAarhus
51%
NorvègeTrondheim
43%
FinlandeTampere
40%
SuèdeUppsala
40%
DanemarkAalborg
37%
DanemarkOdense
37%
FinlandeTurku
37%
FinlandeOulu
32%
LituanieKlaipeda
24%
NorvègeStavanger
23%
FinlandeEspoo
22%
EstonieTartu
22%
LettonieDaugavpils
16%
FinlandeVantaa
13%
SuèdeOrebro
12%
SuèdeVasteras
11%
FinlandeLahti
10%
LituanieSiauliai
7%
LituaniePanevezys
4%

Distribution des résultats

Percentile par nombre de réponses

% des personnes avec chaque résultat

Votre développement - résultats

Vous n’avez pas pris ce quiz